Artículos de costumbres

Uloženo v:
Podrobná bibliografie
Hlavní autor: Larra, Mariano José de (Autor)
Médium: Kniha
Jazyk:španělština
Vydáno: Santiago Ercilla 1984
Edice:Los Mejores Libros de la Literatura Española, 21
Témata:
Tagy: Přidat tag
Žádné tagy, Buďte první, kdo vytvoří štítek k tomuto záznamu!

MARC

LEADER 00000cam a2200000 a 4500
001 UCX1843
003 CL-VaPUC
008 901112e19840000CL |||||||||||||||||spa|d
082 0 4 |a 864  |b LAR  |2 21 
100 |a Larra, Mariano José de  |e author  |9 321319 
245 1 0 |a Artículos de costumbres 
300 |a 221 p 
942 |c BK 
945 |d 19901112 00:00:00  |a rbrito 
260 |a Santiago  |b Ercilla  |c 1984 
650 0 |a Ensayos españoles  |9 313128 
583 |a last modification  |c 20130801 05:14:56  |k Rodrigo Vera 
490 0 |a Los Mejores Libros de la Literatura Española, 21 
999 |c 222992  |d 222990 
952 |0 0  |1 0  |4 0  |6 864_000000000000000_LAR_1984  |7 0  |8 A  |9 218351  |a BIBEDU  |b BIBEDU  |d 2019-11-15  |i 2871882  |o 864 LAR 1984  |p 2871882  |r 2019-11-15  |w 2019-11-15  |y BK  |k LIT 
952 |0 0  |1 0  |4 0  |6 864_000000000000000_LAR_1984  |7 0  |8 A  |9 218352  |a BIBEDU  |b BIBEDU  |d 2019-11-15  |i 2871890  |o 864 LAR 1984  |p 2871890  |r 2019-11-15  |w 2019-11-15  |y BK  |k LIT 
952 |0 0  |1 0  |4 0  |6 864_000000000000000_LAR_1984  |7 0  |8 A  |9 218353  |a BIBEDU  |b BIBEDU  |d 2019-11-15  |i 3051730  |o 864 LAR 1984  |p 3051730  |r 2019-11-15  |w 2019-11-15  |y BK  |k LIT 
952 |0 0  |1 0  |4 0  |6 864_000000000000000_LAR_1984  |7 0  |8 A  |9 218354  |a FDOPOS  |b FDOPOS  |d 2019-11-15  |i 1474405  |o 864 LAR 1984  |p 1474405  |r 2025-01-22  |w 2019-11-15  |y BK  |k MLH